| 000 | 00967nam a22002777a 4500 | ||
|---|---|---|---|
| 005 | 20240530110421.0 | ||
| 008 | 150106s2009 ua d g b 000 0 ara d | ||
| 017 | _a2008/23820 | ||
| 020 | _a9772326957 | ||
| 040 | _aEG-CaGPL | ||
| 041 | 0 | _aara | |
| 082 | 0 | 4 |
_221 _a371.33\ _bد م |
| 100 | 0 | _aدينا احمد اسماعيل | |
| 245 | 1 | 2 |
_aالمتاحف التعليمية الافتراضية / _cدينا احمد اسماعيل ؛ تقديم محمد عبدالحميد |
| 250 | _aط1 | ||
| 260 |
_aالقاهرة : _bعالم الكتاب ، _c2009 |
||
| 300 |
_a343 ص : _bايض ؛ _c24 سم |
||
| 504 | _aببليوجرافية : ص 309 - 333 | ||
| 650 | 0 | 4 | _aالمتاحف التعليمية |
| 650 | 0 | 4 | _aالنشر الالكترونى |
| 650 | 0 | 4 | _aالمتاحف |
| 650 | 0 | 4 | _aالمتاحف الافتراضية |
| 700 | 0 |
_aمحمد عبدالحميد _eمقدم |
|
| 942 |
_2ddc _cBK |
||
| 999 |
_c60658 _d60658 |
||